000 00468nam a2200169Ia 4500
999 _c36229
_d36229
003 OSt
005 20201216102148.0
008 190216s9999||||xx |||||||||||||| ||und||
040 _coclc
082 _a050
_bMAN/M
100 _aManorama
_97550
245 0 _aManorama YearBook 1997 /
_cManorama
260 _bManorama Publishing House,
_aKottayam:
_c1997.
300 _a800p
650 _aReferences
942 _cREF
_2ddc
_h050
_iMAN/M
_k050
_mMAN/M